| Поле | Инд. | ПП | Название | Значение |
|---|---|---|---|---|
| Тип записи | a | |||
| Библиографический уровень | b | |||
| 001 | Контрольный номер | RU/IS/BASE/145454184 | ||
| 005 | Дата корректировки | 20220718163805.4 | ||
| 084 | a | Индекс другой классификации/Индекс ББК | 65.28(0)-962 | |
| 100 | 1_ | a | Автор | Гильфасон Т. |
| q | Полное имя | Гильфасон Торвальдур | ||
| 245 | 10 | a | Заглавие | Природа, энергия и экономический рост |
| 504 | a | Библиография | Библиогр.: с. 484 - 486. - Примеч. - Прил.: с. 487 - 491 | |
| 520 | 0_ | a | Аннотация | В настоящей работе рассматривается связь между обилием природных ресурсов и экономическим ростом в разных регионах мира |
| 650 | 04 | a | Основная рубрика | экономика |
| a | Основная рубрика | экономика природопользования | ||
| 653 | 0_ | a | Ключевые слова | валовой внутренний продукт (ВВП) |
| a | Ключевые слова | внешний долг | ||
| a | Ключевые слова | внутренние инвестиции | ||
| a | Ключевые слова | доходы населения | ||
| a | Ключевые слова | занятость | ||
| a | Ключевые слова | импорт | ||
| a | Ключевые слова | иностранные инвестиции | ||
| a | Ключевые слова | коррупция | ||
| a | Ключевые слова | мировая экономика | ||
| a | Ключевые слова | неравенство доходов | ||
| a | Ключевые слова | образование | ||
| a | Ключевые слова | природные ресурсы | ||
| a | Ключевые слова | промышленное производство | ||
| a | Ключевые слова | рента | ||
| a | Ключевые слова | среднее образование | ||
| a | Ключевые слова | сырьевой сектор экономики | ||
| a | Ключевые слова | экономическая политика | ||
| a | Ключевые слова | экономическая теория | ||
| a | Ключевые слова | экономический рост | ||
| a | Ключевые слова | экспорт | ||
| a | Ключевые слова | энергия | ||
| 773 | 18 | t | Заглавие источника | Экономический журнал ВШЭ |
| d | Дата издания источника | 2001 | ||
| g | Прочая информация | Т. 5, № 4. - С. 459 - 491 : табл. | ||
| w | Контрольный № источника | RU/IS/BASE/140886027 | ||
| 901 | t | Тип документа | b |